000 00530nam a2200193 4500
001 113290
003 ES-MaACL
005 20230906185831.0
007 t|
008 061121s1960 sp r ||||1| eng d
100 1 _aNyham, Marcel.
_986261
245 1 0 _aMy daughter's wedding /
_cby Carmel Nyham.
260 _aMadrid :
_bAlhambra,
_c1960.
300 _a32 p. ;
_c16 cm.
490 1 _aGraded Readers ;
_v11
830 0 _aGraded Readers ;
_v11
_9233181
852 _aES-MaACL
_j2004-F-25
_bR.49146
999 _c113290
_d113290